Measuring and managing knowledge (Record no. 692)

MARC details
000 -LEADER
fixed length control field 00356nam a2200133Ia 4500
008 - FIXED-LENGTH DATA ELEMENTS--GENERAL INFORMATION
fixed length control field 221021s9999||||xx |||||||||||||| ||und||
020 ## - INTERNATIONAL STANDARD BOOK NUMBER
International Standard Book Number 0-07-259770-5
040 ## - CATALOGING SOURCE
Transcribing agency Chuka University Library
050 ## - LIBRARY OF CONGRESS CALL NUMBER
Classification number HD 30.2
Item number .H677 2001
100 ## - MAIN ENTRY--PERSONAL NAME
Personal name Houel,Thomas
9 (RLIN) 771
245 #0 - TITLE STATEMENT
Title Measuring and managing knowledge
260 ## - PUBLICATION, DISTRIBUTION, ETC.
Place of publication, distribution, etc. Boston
Name of publisher, distributor, etc. Mc graw hill
Date of publication, distribution, etc. 2001
942 ## - ADDED ENTRY ELEMENTS (KOHA)
Koha item type Long Loan Books
Holdings
Withdrawn status Lost status Damaged status Not for loan Collection Home library Current library Shelving location Date acquired Total Checkouts Full call number Barcode Date last seen Price effective from Koha item type
        General Collection Books Main Campus Library Main Campus Library Business Studies Library 21/10/2022   BSL HD 30.2.H677 2001 7824/2011 21/10/2022 21/10/2022 Long Loan Books

Powered by Koha